Loading...
| Science - Other | 0 | 3 | 0 | 1 | 30 | 47 | 86.33 | 0 | 2 | 8.60 | 13.33 |
| Other Academic | 0 | 2 | 0 | 0 | 20 | 84 | 84.00 | 0 | 1 | 21.99 | 49.63 |
| History - European | 0 | 2 | 1 | 0 | 15 | 68 | 84.50 | 0 | 1 | 5.61 | 15.50 |
| Geography | 0 | 1 | 0 | 1 | 10 | 114 | 114.00 | 0 | 0 | 5.81 | 5.00 |
| History - Other | 0 | 1 | 0 | 0 | 10 | 107 | 107.00 | 0 | 1 | 0.93 | 3.33 |
| Literature - British | 0 | 1 | 0 | 0 | 10 | 136 | 136.00 | 0 | 0 | 0.07 | 2.50 |
| Science - Biology | 0 | 1 | 0 | 0 | 10 | 114 | 114.00 | 0 | 0 | 0.00 | 0.83 |
| Science - Chemistry | 0 | 1 | 0 | 0 | 10 | 82 | 82.00 | 1 | 1 | 2.99 | 10.00 |
| Science - Physics | 0 | 1 | 0 | 1 | 10 | 110 | 110.00 | 0 | 0 | 0.00 | 1.11 |
| Religion | 0 | 1 | 0 | 1 | 10 | 105 | 105.00 | 0 | 0 | 0.00 | 0.83 |
| Mythology | 0 | 1 | 1 | 1 | 5 | 125 | 125.00 | 0 | 0 | 0.00 | 0.83 |
| Philosophy | 0 | 0 | 1 | 0 | -5 | 0.00 | 0 | 0 | 0.00 | 0.00 | |
| Popular Culture | 0 | 0 | 1 | 0 | -5 | 0.00 | 0 | 0 | 0.00 | 0.00 |